|
|
|
|
| LEADER |
00000npc a22000002 4500 |
| 001 |
LR119026813 |
| 003 |
PipeLineGenerated |
| 005 |
20260417054436.0 |
| 008 |
190606s2019 xx ||||| 00| ||ger c |
| 100 |
|
|
|a Śūdraka
|0 (DE-588)119026813
|0 (DE-627)079814840
|d ca. 3. Jh.
|
| 245 |
|
|
|a Archivmaterialien zu Śūdraka, ca. 3. Jh.
|
| 856 |
|
|
|u https://kalliope-verbund.info/gnd/119026813
|3 Archivdatenbank (Kalliope Verbundkatalog)
|
| 856 |
|
|
|u https://www.archivportal-d.de/person/gnd/119026813
|3 Archivdatenbank (Archivportal-D)
|
| BIB |
|
|
|a 1
|o create_literary_remains_records
|
| ELC |
|
|
|a 1
|
| REL |
|
|
|a 1
|o create_literary_remains_records
|
| SUB |
|
|
|a BIB
|a REL
|